Bruno Genesio's Olympique Lyon - Statistics

General Stats
  • This quiz has been taken 8 times
  • The average score is 25 of 55
Answer Stats
Rank Player Position Nationality Matches Goals Assists % Correct
1 Anthony Lopes Goalkeeper 171 0 1
100%
12 Bertrand Traoré Right Winger 91 29 11
100%
6 Memphis Depay Centre-Forward 116 39 41
100%
14 Alexandre Lacazette Centre-Forward 67 52 11
80%
16 Corentin Tolisso Central Midfield 65 20 11
80%
2 Maxwel Cornet Left Winger 151 39 19
80%
41 Bakary Koné Centre-Back 6 0 0
60%
28 Christophe Jallet Right-Back 38 2 10
60%
40 Henri Bedimo Left-Back 8 0 0
60%
9 Houssem Aouar Attacking Midfield 96 15 17
60%
26 Jason Denayer Centre-Back 45 3 0
60%
5 Jérémy Morel Left-Back 119 1 4
60%
4 Lucas Tousart Defensive Midfield 125 3 3
60%
37 Mathieu Gorgelin Goalkeeper 15 0 0
60%
34 Nicolas N'Koulou Centre-Back 22 0 1
60%
17 Rachid Ghezzal Right Winger 59 12 12
60%
7 Rafael Right-Back 102 1 11
60%
20 Sergi Darder Central Midfield 56 4 8
60%
39 Amine Gouiri Centre-Forward 10 0 0
40%
47 Arnold Mvuemba Defensive Midfield 3 0 0
40%
53 Christopher Martins Defensive Midfield 2 0 0
40%
46 Claudio Beauvue Centre-Forward 3 2 1
40%
31 Emanuel Mammana Centre-Back 25 1 0
40%
13 Ferland Mendy Left-Back 79 3 7
40%
11 Jordan Ferri Central Midfield 94 4 12
40%
22 Kenny Tete Right-Back 51 1 8
40%
29 Léo Dubois Right-Back 34 3 6
40%
30 Maciej Rybus Left-Back 28 0 2
40%
18 Mapou Yanga-Mbiwa Centre-Back 57 2 0
40%
10 Marcelo Centre-Back 95 5 2
40%
24 Mariano Díaz Centre-Forward 48 21 6
40%
52 Maxence Caqueret Central Midfield 2 0 0
40%
15 Maxime Gonalons Defensive Midfield 65 1 3
40%
21 Mouctar Diakhaby Centre-Back 55 7 2
40%
25 Moussa Dembélé Centre-Forward 46 20 6
40%
35 Myziane Maolida Left Winger 22 3 0
40%
3 Nabil Fekir Attacking Midfield 133 49 32
40%
36 Samuel Umtiti Centre-Back 21 1 0
40%
55 Steed Malbranque Central Midfield 1 0 0
40%
50 Yassin Fekir Attacking Midfield 3 0 0
40%
49 Zakarie Labidi Attacking Midfield 3 0 0
40%
38 Aldo Kalulu Right Winger 14 2 1
20%
33 Clément Grenier Central Midfield 25 1 2
20%
48 Gaëtan Perrin Right Winger 3 1 0
20%
51 Jean-Philippe Mateta Centre-Forward 2 0 0
20%
45 Jordy Gaspar Right-Back 3 0 0
20%
54 Lenny Pintor Right Winger 2 0 0
20%
23 Marçal Left-Back 49 0 4
20%
27 Martin Terrier Left Winger 42 11 0
20%
19 Mathieu Valbuena Attacking Midfield 57 11 11
20%
42 Olivier Kemen Central Midfield 4 0 0
20%
44 Oumar Solet Centre-Back 3 0 0
20%
32 Pape Cheikh Central Midfield 25 0 0
20%
8 Tanguy Ndombélé Central Midfield 96 4 16
20%
43 Willem Geubbels Centre-Forward 4 0 0
20%
No matching quizzes found
Score Distribution
Percent of People with Each Score
Percentile by Number Answered
Your Score History
You have not taken this quiz